000 00448nmm a2200157Ia 4500
008 251105s9999||||xx |||||||||||||||||und||
020 _a9789580612124
041 _aspa
100 _aRodríguez Reyes, Patricia
245 0 _aViólame suavemente
264 _a[Bogotá, Colombia] :
_bOveja Negra,
_c2013
300 _a112 páginas
650 _aLatin American narrative
856 _uhttps://public.digitaliapublishing.com/a/37846
942 _cCF
999 _c94882
_d94882